| 000 | 00660nam a2200193 a 4500 | ||
|---|---|---|---|
| 001 | 000040835 | ||
| 005 | 20201002034421.0 | ||
| 008 | 130909s2008 pr a 001 0 spa d | ||
| 020 | _a978847711062 | ||
| 040 |
_aDO-SdBNP _bspa _cBNPHU |
||
| 082 |
_axxxx _bxxxx |
||
| 100 | 1 |
_aPalés, Ana Mercedes _967254 |
|
| 245 | 1 | 0 |
_aFiel Fugada : _bantología poética de Luis Palés Matos / _cAna Mercedes Palés ; edición Noel Luna. |
| 260 |
_aPuerto Rico, : _bUniversidad de Puerto Rico, _c2008. |
||
| 300 |
_a320 p. : _bil. ; _c21 cm. |
||
| 500 | _aIncluye índice alfabético de títulos | ||
| 504 | _aBibliografías : p. 305-315 | ||
| 700 | 1 |
_aLuna, Noel, _eed. _967255 |
|
| 999 |
_c40325 _d40325 |
||